[Event "HUN-chT2 Barcza 1314"]
[Site "Hungary"]
[Date "2014.04.27"]
[Round "11"]
[White "Varga, Balint1111"]
[Black "Jakab, Benjamin"]
[Result "1-0"]
[WhiteElo "1466"]
[BlackElo "1817"]
[PlyCount "55"]
[EventDate "2013.09.08"]
[EventType "team-tourn"]
[EventRounds "11"]
[EventCountry "HUN"]
[SourceTitle "EXT 2016"]
[Source "ChessBase"]
[SourceDate "2015.10.08"]
[SourceVersion "1"]
[SourceVersionDate "2015.10.08"]
[SourceQuality "1"]
[WhiteTeam "Debrecen EAC"]
[BlackTeam "Debrecen Sakkiskola"]
[WhiteTeamCountry "HUN"]
[BlackTeamCountry "HUN"]

1. d4 Nf6 2. Bf4 g6 3. Nf3 Bg7 4. e3 0-0 5. h3 d6 6. c4 Nbd7 7. Nc3 c6 8. Be2 Qe8 9. d5 Nc5 10. 0-0 a5 11. Rc1 Qd8 12. Bh2 Qb6 13. b3 Qb4 14. Nd4 Bd7 15. Rc2 Rac8 16. Qc1 Bh6 17. Kh1 Ne8 18. Ncb5 a4 19. a3 Qa5 20. b4 Qa8 21. bxc5 dxc5 22. dxc6 bxc6 23. Bf3 cxd4 24. Nxd4 Qa6 25. c5 Nf6 26. Rb2 Rfe8 27. Rb6 Qa8 28. Nb5 1-0

[Event "HUN-chT2 Barcza 1314"]
[Site "Hungary"]
[Date "2013.09.08"]
[Round "1"]
[White "Jakab, Benjamin"]
[Black "Szabo, Balint"]
[Result "1-0"]
[WhiteElo "1817"]
[BlackElo "1475"]
[PlyCount "95"]
[EventDate "2013.09.08"]
[EventType "team-tourn"]
[EventRounds "11"]
[EventCountry "HUN"]
[SourceTitle "EXT 2016"]
[Source "ChessBase"]
[SourceDate "2015.10.08"]
[SourceVersion "1"]
[SourceVersionDate "2015.10.08"]
[SourceQuality "1"]
[WhiteTeam "Debrecen Sakkiskola"]
[BlackTeam "Miskolc EMSE"]
[WhiteTeamCountry "HUN"]
[BlackTeamCountry "HUN"]

1. d4 d5 2. Nf3 e6 3. c4 Nf6 4. Nc3 Be7 5. Bg5 0-0 6. e3 b6 7. Bd3 Bb7 8. cxd5 Nxd5 9. Bxe7 Qxe7 10. Nxd5 exd5 11. Ne5 h6 12. 0-0 Nd7 13. Nxd7 Qxd7 14. Rc1 Rac8 15. Qc2 c5 16. Bf5 Qe7 17. Bxc8 Rxc8 18. Qf5 c4 19. Rfe1 Qd8 20. f4 Rc7 21. Qh5 Bc8 22. g4 Rc6 23. Kf2 Rg6 24. Rg1 Qd7 25. h3 Kh7 26. Rg3 Qe7 27. Qxd5 Be6 28. Qe4 Qb4 29. Qc2 Kg8 30. a3 Qa5 31. Qc3 Qb5 32. Rgg1 f5 33. Qb4 Qc6 34. gxf5 Bxf5 35. Qxc4+ Qxc4 36. Rxc4 Rd6 37. h4 Rd7 38. Kf3 Kf7 39. e4 Bh7 40. f5 g6 41. fxg6+ Bxg6 42. Rc6 Bh5+ 43. Ke3 Kf8 44. Rxh6 Be8 45. Rh8+ Ke7 46. Rg7+ Kd6 47. Rxd7+ Kxd7 48. Rxe8 1-0